000 00681nam a2200241 i 4500
001 C2-0117681
003 PPAK
005 20180727110718.0
008 970727s1991 enk |||| ||||| | eng d
020 _a0671711245
040 _aPPAK
_beng
_cPPAK
_erda
082 0 4 _a947.0854
_223
090 0 0 _a947.0854
_bSIX
_dG
100 1 _aSixsmith, Martin,
_eauthor
245 1 0 _aMoscow coup
_bThe death of the Soviet system
264 1 _aLondon :
_bSimon & Schuster ,
_c1991
300 _a180 pages ;
_c23 cm
336 _2rdacontent
_atext
337 _2rdamedia
_aunmediated
338 _2rdacarrier
_avolume
650 1 0 _aMoscow (Russia) - History - Coups d 'etat
942 _ddc
_cB
999 _c31651
_d31651